000 00626nam a2200157 a 4500
001 000249701
003 AM-YeHGA
005 20250618071656.0
008 030723s1936 ai 000 | arm d
040 _aAM-YeHGA
245 1 0 _aԳրականության ուսուցիչը :
_bԱ.Մ. Լինինի քննադական-կենսագրական ոչերկով /
_cԱ.Պ. Չեխով; Թարգմ.՝ Շվարդ.
260 _aՌոստով-Դոն :
_bԱզով-Սևծովյան երկրային հրատ,
_c1936.
300 _a50 էջ ;
_c17 սմ.
650 1 4 _aՌուս գրականություն
_xՊատմվածք
_94645
090 _c90632
999 _c89345
_d89345